| 000 | 01494cam a2200361 a 4500 | ||
|---|---|---|---|
| 001 | EDZ0000077510 | ||
| 003 | StDuBDS | ||
| 005 | 20161031105159.0 | ||
| 006 | m||||||||d|||||||| | ||
| 007 | cr ||||||||||| | ||
| 008 | 120418s2008 caua fo| 001|0|eng|d | ||
| 020 |
_a9780857024572 (ebook) : _cNo price |
||
| 040 |
_aStDuBDS _beng _cStDuBDS _epn |
||
| 049 | _aAlfaisal Main Library | ||
| 050 | 0 |
_aRC337 _b.T56 2008 |
|
| 082 | 0 | 4 |
_a616.8914072 _223 |
| 100 | 1 | _aTimulak, Ladislav. | |
| 245 | 1 | 0 |
_aResearch in psychotherapy and counselling _h[electronic resource] / _cLadislav Timulak. |
| 250 | _aNew ed. | ||
| 260 |
_aLos Angeles, [Calif.] ; _aLondon : _bSAGE, _cc2008. |
||
| 300 |
_a1 online resource (viii, 217 p.) : _bill. |
||
| 520 | 8 | _aEmpirical knowledge is becoming central for training in psychotherapy. This title explores different areas of psychotherapy and counselling research - research methods evidence-based practice, research design and data analysis - with multiple study examples. | |
| 521 | _aSpecialized. | ||
| 588 | _aDescription based on print version record. | ||
| 504 | _aIncludes bibliographical references and index. | ||
| 650 | 0 |
_aCounseling _xResearch. |
|
| 650 | 0 |
_aPsychotherapy _xResearch. |
|
| 655 | 7 |
_aElectronic books. _2local |
|
| 710 | 2 | _aSage eBooks | |
| 776 | 0 | 8 |
_iPrint version : _z9781412945790 |
| 856 | 4 | 0 | _uhttp://ezproxy.alfaisal.edu/login?url=http://sk.sagepub.com/books/research-in-psychotherapy-and-counselling |
| 942 |
_2lcc _cEBOOKS |
||
| 999 |
_c481092 _d481092 |
||